Guess the countries + territories that start with A - Statistics

General Stats
  • This quiz has been taken 76 times
  • The average score is 15 of 17
Answer Stats
Picture Answer % Correct
Albania
98%
Angola
98%
Argentina
98%
Andorra
96%
Armenia
96%
Australia
95%
Austria
95%
Algeria
93%
Azerbaijan
93%
Afghanistan
91%
Antigua and Barbuda
91%
American Samoa
84%
Aruba
76%
Anguilla
73%
Abkhazia
71%
Aland
69%
Artsakh
51%
No matching quizzes found
Score Distribution
Percent of People with Each Score
Percentile by Number Answered
Your Score History
You have not taken this quiz